[Event "Kurnosov Memorial Rapid 2020"]
[Site "Chelyabinsk"]
[Date "2020.09.04"]
[Round "4.8"]
[White "Ponkratov, Pavel"]
[Black "Savchenko, Boris"]
[Result "0-1"]
[WhiteElo "2631"]
[BlackElo "2564"]
[Annotator "TA"]
[PlyCount "82"]
[EventDate "2020.09.04"]
[EventType "swiss"]
[EventCountry "RUS"]
[SourceTitle "playchess.com"]
[Source "ChessBase"]
[SourceQuality "1"]

{[%evp 16,82,12,21,70,70,70,70,64,62,62,30,37,36,35,35,43,41,59,56,71,83,78,58,56,0,0,0,0,0,47,17,13,0,100,92,102,87,175,189,188,-10,-9,-9,-11,-10,-12,-192,-190,-175,-167,-230,-215,-312,-311,-377,-289,-414,-391,-381,-321,-295,-214,-382,-273,-678,-640,-1700,-1622]} 1. d4 Nf6 2. c4 g6 3. Nc3 d5 4. cxd5 Nxd5 5. e4 Nxc3 6. bxc3 Bg7 7. Be3 c5 8. Nf3 {8.Rc1 is setting a new trend.} Nc6 9. Rc1 Qa5 {D85: Exchange Grünfeld: Unusual White 7th moves and lines with 7 Nf3.} 10. d5 $1 {[%cal Rd5c6]} Ne5 11. Nxe5 Bxe5 {White is slightly better.} 12. Qd2 Bg7 $5 {[%mdl 4] [#] Leaves trodden paths.} 13. c4 $146 ({Predecessor:} 13. Bd3 O-O 14. c4 Qc7 15. O-O e5 16. Rb1 Bd7 17. Rb2 f5 18. f3 b6 19. Bc2 {½-½ (67) Ognean,M (2291)-Daianu,C (2160) Sovata 2018}) 13... Qxd2+ 14. Kxd2 b6 15. Bd3 f5 16. exf5 gxf5 17. Rhe1 Bf6 18. a4 Kf7 19. Bf4 Bd7 20. Bc2 ({Better is} 20. a5 $14) 20... e6 $11 21. Bd1 exd5 22. cxd5 {[%cal Bc4d5,Bd5d6,Bd6d7][%mdl 32]} Rad8 23. Bh5+ Kg7 24. Rc3 {White wants to mate with Rg3+.} Be8 (24... Rhg8 $11) 25. Rg3+ $16 Bg6 26. d6 Rhe8 (26... Rd7 $16) 27. Rxe8 $18 Rxe8 28. Bxg6 $2 (28. Bf3 $18) 28... hxg6 {[%mdl 4096] Endgame KRB-KRB} 29. d7 $1 $132 {[%cal Rd7e8][%mdl 2048] White is not keeping still} Rd8 30. Rd3 {aiming for Bc7.} Bd4 31. f3 $2 {Loses the game.} (31. Be3 $11 {and White has nothing to worry.}) 31... Kf6 $19 ({Resist} 31... Rxd7 {[#]} 32. Be5+ $1 {[%mdl 512]} Kf7 33. Bxd4 $15) 32. Kc2 Rxd7 33. Kb3 (33. Rd1 $142) 33... g5 34. Bc1 (34. Be3 {was called for.}) 34... Re7 35. h3 Re2 36. g3 (36. Rd2 $142 Re3+ 37. Kc2) 36... Rh2 37. f4 gxf4 38. Bxf4 Ke6 39. Kc4 $2 (39. Rd2 {was the only defense.} Rxh3 40. Kc4) 39... Rb2 {[%csl Gc5][%cal Rb2b4]} 40. Bd2 $2 (40. Ra3) 40... a6 {( -> ...b5+)} 41. Rb3 {[#] If White can now play Rxb2 this consolidates a bit.} b5+ $1 {[%mdl 512] Accuracy: White = 44%, Black = 69%.} 0-1

[Event "Kurnosov Memorial Rapid 2020"]
[Site "Chelyabinsk"]
[Date "2020.09.04"]
[Round "4.9"]
[White "Rakhmanov, Aleksandr"]
[Black "Belyakov, Bogdan"]
[Result "1-0"]
[WhiteElo "2645"]
[BlackElo "2481"]
[Annotator "TA"]
[PlyCount "67"]
[EventDate "2020.09.04"]
[EventType "swiss"]
[EventCountry "RUS"]
[SourceTitle "playchess.com"]
[Source "ChessBase"]
[SourceQuality "1"]

{[%evp 13,67,-11,23,19,24,31,33,33,42,47,41,32,47,23,39,20,88,83,94,48,152,152,210,205,217,195,269,277,239,265,249,240,403,419,413,400,505,487,469,384,559,372,890,913,899,903,1184,1133,1574,1563,29989,29990,29990,29991,29992,29993]} 1. Nf3 Nf6 2. g3 g6 3. Bg2 Bg7 4. d4 O-O 5. O-O d6 6. b3 a5 7. a4 Nc6 8. Bb2 {A49: 1 d4 Nf6 2 Nf3 g6 3 g3: Anti-King's Indian systems.} Bf5 9. Nbd2 Qc8 10. Re1 {White is slightly better.} Bh3 11. e4 Bxg2 12. Kxg2 {[#]} e6 $146 ({Predecessor:} 12... e5 13. dxe5 Nd7 14. Nc4 Ndxe5 {½-½ (14) Benkovic,P (2400)-Popovic,D (2518) Valjevo 2018}) 13. e5 dxe5 14. dxe5 Nd5 (14... Nd7 $1 $11 {keeps the balance.}) 15. Ne4 $16 Rd8 16. Qc1 Ncb4 {[#]} (16... Rd7 $14) 17. h4 $1 Qd7 {[#]} (17... h5 $16 {was necessary.}) 18. h5 $1 $18 {[%mdl 512]} Qc6 {[#]} (18... gxh5 19. Nf6+) 19. Re2 $1 h6 (19... Qa6 $142 20. c4 Nd3) 20. Nd4 Qb6 21. hxg6 fxg6 22. Qh1 Rf8 $2 (22... c5 {was worth a try.}) 23. Qh3 Rae8 24. Rd1 c5 25. Nb5 Qc6 26. c4 Rf5 (26... Rd8 {keeps fighting.}) 27. Nbd6 Ref8 $2 (27... Rh5) 28. cxd5 Nxd5 29. Kg1 Qa6 30. Red2 Ne3 31. fxe3 Rf3 32. Nf6+ {White mates.} Bxf6 33. exf6 Kh7 34. Qxe6 {Accuracy: White = 83%, Black = 32%.} 1-0

[Event "Kurnosov Memorial Rapid 2020"]
[Site "Chelyabinsk"]
[Date "2020.09.04"]
[Round "4.10"]
[White "Kokarev, Dmitry"]
[Black "Girya, Olga"]
[Result "0-1"]
[WhiteElo "2611"]
[BlackElo "2469"]
[Annotator "TA"]
[PlyCount "144"]
[EventDate "2020.09.04"]
[EventType "swiss"]
[EventCountry "RUS"]
[SourceTitle "playchess.com"]
[Source "ChessBase"]
[SourceQuality "1"]

{[%evp 16,144,0,3,6,6,6,5,10,8,11,11,12,0,2,0,3,0,10,0,0,6,5,0,-5,-10,-9,-11,0,-14,0,0,0,0,9,11,9,6,13,9,8,0,0,0,0,0,0,0,0,0,0,0,0,0,65,53,64,31,65,65,80,65,76,52,72,63,73,73,78,0,20,8,20,0,0,-36,-47,-64,0,-1089,-1074,-943,-914,-1234,-988,-1158,-1291,-1291,-1280,-1285,-1291,-1291,-1291,-1291,-1291,-1291,-1291,-5412,-1262,-1235,-1235,-7679,-7564,-3657,-1102,-6833,-6489,-29978,-29979,-29977,-1004,-879,-597,-1193,-1097,-6449,-5225,-29967,-29966,-29967,-29968,-29977,-29978,-29979,-29979,-29980,-29980,-29981,-29982,-29982,-29983]} 1. e4 c6 2. d4 d5 3. Nd2 dxe4 4. Nxe4 Nf6 5. Nxf6+ exf6 6. Nf3 Bd6 7. Bd3 O-O 8. O-O Bg4 9. h3 Bh5 {B15: Caro-Kann: 3 Nc3: 3...g6 and 3...dxe4 4 Nxe4 Nf6 5 Nxf6+ exf6.} 10. Bf5 {10.c3 is setting a new trend.} Na6 11. c3 Nc7 {The position is equal.} 12. Qd3 Bg6 13. Bxg6 hxg6 {[#]} 14. Bd2 $146 ({Predecessor:} 14. c4 Qd7 15. Be3 g5 16. Nd2 g4 17. hxg4 Qxg4 18. Ne4 Be7 19. Ng3 g6 20. Qe4 {1-0 (46) Yuan,Y (2257)-Muzychuk,M (2526) Sochi 2015}) 14... Qd7 15. Rfe1 Rad8 16. Rad1 Ne6 17. Bc1 Qc7 18. Qc2 Rfe8 19. Re2 Bf4 20. Rde1 Bxc1 21. Qxc1 Qa5 22. a3 Qf5 23. Qc2 Qxc2 24. Rxc2 Nf4 25. Rxe8+ Rxe8 $11 {[%mdl 4096] Endgame KRN-KRN} 26. Kf1 g5 27. a4 g6 28. Rd2 Kf8 29. Rd1 Rd8 30. Nd2 f5 31. a5 a6 32. Nb3 Ne6 33. Ke2 Ke7 34. Ke3 f4+ (34... Kf6 $11) 35. Ke2 $14 f5 36. Nc1 Rd5 37. b4 $1 Kf6 38. Nd3 Rd7 39. Nc5 Nxc5 40. bxc5 {KR-KR} g4 41. hxg4 fxg4 42. Rh1 (42. c4 $16) 42... Kf5 43. Kd3 Re7 44. c4 g3 45. f3 Re3+ 46. Kd2 Ra3 (46... Kf6 $15) 47. Rh7 $2 {[%mdl 8192] [#] Black keeps a firm grip on the game.} (47. d5 $11) 47... Rxf3 $1 {[%mdl 512]} 48. Rf7+ (48. gxf3 g2) 48... Ke6 49. Rxb7 Rf2+ {[%mdl 64] Double Attack} 50. Kc3 f3 51. d5+ cxd5 52. Rb6+ Kf7 53. Rb1 fxg2 {Threatens to win with ...Rf1.} 54. Rg1 dxc4 55. Kxc4 Ke6 56. Kd4 Rd2+ (56... Kf5 $142 57. c6 Kg4) 57. Kc3 Ra2 58. Kb3 Rf2 59. Kc4 Rf4+ (59... Kf5 $142 60. c6 Kg4) 60. Kd3 Kd5 61. Rxg2 Rf3+ 62. Ke2 {[#]} Ra3 (62... Rf2+ $142 $1 {[%mdl 512]} 63. Rxf2 gxf2 64. c6 Kxc6 65. Kxf2 Kb5 66. Ke3 Kxa5 67. Ke2 Kb4 68. Kf3 a5 69. Ke4 a4 70. Kd3 Kb3 71. Ke3 a3 72. Ke4 a2 73. Kd5 a1=Q 74. Ke6 Qd4 75. Ke7 g5 76. Kf8 g4 77. Ke7 g3 78. Kf8 g2 79. Kg8 g1=Q+ 80. Kf8 Qgg7+ 81. Ke8 Qdd7#) 63. Rg1 $19 Kxc5 64. Rb1 Rxa5 65. Kf3 Ra3+ 66. Kg2 a5 {[%cal Ba6a5,Ba5a4,Ba4a3][%mdl 32] Black mates.} 67. Re1 Rc3 68. Re6 a4 69. Rxg6 a3 70. Ra6 Kb4 71. Ra8 Kb3 72. Rb8+ Kc2 {Accuracy: White = 69%, Black = 84%.} 0-1

[Event "Kurnosov Memorial Rapid 2020"]
[Site "Chelyabinsk"]
[Date "2020.09.04"]
[Round "4.11"]
[White "Sjugirov, Sanan"]
[Black "Matinian, Nikita"]
[Result "1-0"]
[WhiteElo "2675"]
[BlackElo "2475"]
[Annotator "TA"]
[PlyCount "95"]
[EventDate "2020.09.04"]
[EventType "swiss"]
[EventCountry "RUS"]
[SourceTitle "playchess.com"]
[Source "ChessBase"]
[SourceQuality "1"]

{[%evp 15,95,39,68,45,66,66,62,31,29,43,27,41,25,7,70,54,79,71,135,15,11,18,10,12,12,10,10,14,12,12,12,12,29,20,25,25,37,36,37,42,38,38,59,40,32,22,110,106,104,102,100,91,118,91,133,130,152,109,98,71,96,36,49,39,125,77,379,378,524,517,690,676,831,830,2123,2530,5522,5653,5569,5551,5489,5360]} 1. e4 g6 2. d4 d6 3. Nf3 Bg7 4. c3 Nf6 5. Bd3 O-O 6. O-O Nc6 7. h3 e5 8. Re1 Re8 9. Bc2 $5 {[%mdl 4] [#] Exploring less charted territory. B07: Pirc Defence: Miscellaneous Systems.} d5 $146 ({Predecessor:} 9... a6 10. Nbd2 h6 11. Nf1 Nh5 12. Be3 Kh7 13. Qd2 Qe7 14. a3 Nd8 15. g4 Nf6 16. Ng3 b5 17. a4 Bb7 18. axb5 axb5 19. Rxa8 Bxa8 20. dxe5 dxe5 {½-½ (46) Godena,M (2552)-Slobodjan,R (2536) Havana 1999}) 10. exd5 Nxd5 11. dxe5 {White is slightly better.} Nxe5 12. Nxe5 Bxe5 (12... Rxe5 $2 13. Rxe5 Bxe5 14. c4 $18) 13. Na3 Bf4 14. Bxf4 Rxe1+ (14... Nxf4 $11 15. Qf3 Rxe1+ 16. Rxe1 Qf6) 15. Qxe1 $14 Nxf4 16. Qe5 Qh4 ({Black should play} 16... Qd6 17. Qxd6 cxd6) 17. Nb5 ({Much weaker is} 17. Qe8+ $6 Kg7 $11) (17. Rd1 $16 {And now Rd4 would win.} Be6 18. Rd4 (18. Qxc7 $2 Bxh3 19. gxh3 Nxh3+ {[%mdl 64] Double Attack} 20. Kg2 Nf4+ 21. Kf3 Qh3+ 22. Kxf4 Qh2+ {[%mdl 64] Double Attack} 23. Kf3 Qxc7 $19)) 17... Bxh3 $11 18. g3 Qh5 19. Qxh5 Nxh5 20. Nxc7 Rd8 21. Rd1 Rxd1+ 22. Bxd1 {[%mdl 4096] Endgame KBN-KBN} Nf6 23. Nb5 a6 24. Nd6 b6 25. Be2 a5 26. Nc4 Be6 27. Nxb6 Bxa2 28. Bc4 Bb1 29. Bb3 Bd3 30. Nc8 Ne4 {[#]} (30... Be4 $1 $11) 31. Ne7+ $1 $16 Kg7 32. Nc6 f5 33. Nxa5 Kf6 34. Nc6 h5 35. Nb4 Nc5 36. Bd1 Bc4 37. Nc6 Nd3 38. b3 (38. b4 $16) 38... Nb2 $1 $14 39. Bc2 Bd5 (39... Bd3 $14 40. Bxd3 Nxd3) 40. Nd4 Ke5 $2 {[%mdl 8192] [#] This move loses the game for Black.} (40... g5 $16) 41. f4+ $18 Kd6 42. Kf2 {White is clearly winning.} Kc5 43. Ke3 Bf7 44. Kd2 g5 45. fxg5 f4 46. gxf4 h4 47. Kc1 h3 48. Nf3 {Accuracy: White = 75%, Black = 48%.} 1-0

[Event "Kurnosov Memorial Rapid 2020"]
[Site "Chelyabinsk"]
[Date "2020.09.04"]
[Round "4.12"]
[White "Sarana, Alexey"]
[Black "Naumkin, Igor"]
[Result "1/2-1/2"]
[WhiteElo "2654"]
[BlackElo "2365"]
[Annotator "TA"]
[PlyCount "151"]
[EventDate "2020.09.04"]
[EventType "swiss"]
[EventCountry "RUS"]
[SourceTitle "playchess.com"]
[Source "ChessBase"]
[SourceQuality "1"]

{[%evp 27,151,27,44,29,39,19,18,19,82,91,80,0,0,13,14,0,3,0,0,0,0,0,15,0,0,0,0,0,6,0,0,-8,0,0,0,0,0,0,0,0,0,0,0,0,0,0,0,0,0,0,0,0,0,0,0,0,0,0,0,0,0,0,0,-5,0,0,0,0,0,0,0,0,0,0,0,0,0,0,0,0,0,0,0,0,0,-26,0,0,0,0,0,0,0,0,0,0,0,0,0,0,0,0,0,0,0,0,0,0,0,0,0,0,0,0,0,0,0,0,0,0,0,0,0,0,0,0]} 1. d4 Nf6 2. c4 e6 3. Nf3 b6 4. g3 Bb7 5. Bg2 Be7 6. O-O O-O 7. Nc3 Ne4 8. Bd2 f5 9. d5 Bf6 10. Rc1 Na6 {[%cal Bb8a6,Ba6c5,Bc5e4][%mdl 32]} 11. a3 Nac5 12. b4 Nxc3 13. Bxc3 Ne4 14. Bxf6 Qxf6 15. Nd4 {E18: Queen's Indian: Old Main Line (4 g3 Bb7 5 Bg2 Be7 6 0-0 0-0 7 Nc3).} a5 {[#]} 16. e3 $146 ({Predecessor:} 16. Nb5 axb4 17. axb4 Rfc8 18. Qc2 c6 19. dxc6 Bxc6 20. Bxe4 Bxe4 21. Qd2 Rf8 22. Nd6 Ra4 {1-0 (34) Villavicencio Martinez,A (2318)-Molina Rodriguez,B (2140) Santa Cruz de Tenerife 2014}) 16... axb4 17. axb4 c5 (17... exd5 $11 {remains equal.} 18. cxd5 Rac8) 18. dxc6 $1 $16 dxc6 19. c5 ({Better is} 19. f3 $16 Ng5 20. f4) 19... bxc5 $1 $11 20. bxc5 Ba6 21. Re1 {With the idea Qb3.} e5 22. Qb3+ Kh8 23. Nf3 Bb5 24. Qb2 Rae8 25. Nd2 Nxd2 26. Qxd2 e4 27. Qb4 Bd3 28. Red1 Rb8 29. Qa5 h6 30. Bf1 Rfd8 31. h4 Rd5 32. Qc3 Qxc3 33. Rxc3 {[#]} Bc4 $1 {[%mdl 512]} 34. Rxd5 (34. Rxc4 Rxd1) 34... Bxd5 {[%mdl 4096] Endgame KRB-KRB} 35. Bh3 g6 36. g4 fxg4 37. Bxg4 Kg7 38. Kg2 Kf6 39. Rc1 Ke5 40. Kg3 Rb5 41. h5 gxh5 42. Bxh5 Kf5 43. Be2 Ra5 44. Rh1 Kg5 45. Rc1 Kf5 46. Bf1 Kg5 47. Bg2 h5 48. Rh1 Rxc5 49. Rh4 Rc4 50. Rf4 Ra4 51. Bh3 Ra1 52. Rf5+ Kg6 53. Re5 Ra2 54. Bd7 {[#]} h4+ $1 {[%mdl 512]} 55. Kg2 $1 (55. Kxh4 Rxf2) 55... Rc2 56. Bg4 Rb2 57. Rh5 {The position is equal.} Be6 58. Rxh4 Bxg4 59. Rxg4+ {[%mdl 64] Double Attack. KR-KR} Kf5 60. Rh4 Rc2 61. Rh5+ Ke6 62. Kg3 c5 63. Rh8 c4 64. Re8+ Kf5 65. Rc8 Ke5 66. Rd8 Kf5 67. Rf8+ Ke5 68. Kg4 c3 69. Kg3 Re2 70. Re8+ Kd5 71. Rc8 c2 72. Rc3 Ke5 73. Kg2 Rd2 74. Rc8 Kf5 75. Rc5+ Ke6 76. Kg3 {Accuracy: White = 96%, Black = 96%.} 1/2-1/2

[Event "Kurnosov Memorial Rapid 2020"]
[Site "Chelyabinsk"]
[Date "2020.09.05"]
[Round "5.1"]
[White "Rakhmanov, Aleksandr"]
[Black "Timofeev, Artyom"]
[Result "1/2-1/2"]
[WhiteElo "2645"]
[BlackElo "2580"]
[Annotator "TA"]
[PlyCount "64"]
[EventDate "2020.09.04"]
[EventType "swiss"]
[EventCountry "RUS"]
[SourceTitle "playchess.com"]
[Source "ChessBase"]
[SourceQuality "1"]

{[%evp 9,64,-1,0,0,0,-8,0,0,22,28,50,64,46,0,5,3,14,14,0,0,23,0,0,-59,60,72,59,66,61,75,77,24,37,-30,-28,-45,-27,-63,-63,-63,-63,-63,0,-42,19,0,0,0,5,0,0,0,0,0,0,0,20]} 1. d4 d5 2. c4 e6 3. Nc3 c6 4. e3 Nf6 5. Bd2 Be7 6. Nf3 {D31: Queen's Gambit Declined: Semi-Slav without ...Nf6 (+ Marshall Gambit and Noteboom) and Exchange Variation lines without ...Nf6.} O-O 7. Qc2 b6 8. e4 {[#]} dxc4 $146 ({Predecessor:} 8... Ba6 9. e5 Ne8 10. cxd5 cxd5 11. Rc1 Bxf1 12. Kxf1 Nc6 13. Nxd5 Qxd5 14. Qxc6 Qxc6 15. Rxc6 {1-0 (36) Santamaria Navarro,F (2057)-Diaz Hermida,J (1677) ICCF email 2016}) 9. Bxc4 Ba6 10. Bxa6 Nxa6 11. Qa4 Qc8 12. O-O Qb7 13. Bg5 h6 14. Bh4 b5 15. Qc2 c5 16. dxc5 (16. e5 $1 $11 Nd5 17. Bxe7 Nxe7 18. Qe2) 16... Nxc5 (16... g5 $1 $15 17. e5 Nh5) 17. e5 $14 Nd5 18. Nxd5 exd5 19. Bxe7 Qxe7 {[#]} 20. Nd4 (20. Rad1 $1 $16) 20... Rfc8 21. Rac1 (21. Qe2 $14) 21... Qxe5 $11 22. Rfd1 a6 23. b4 Ne6 24. Nc6 Qf6 {[#] Strongly threatening ...Nd8.} 25. Rxd5 Re8 ({Better is} 25... Rc7 $1 $15 26. Rd6 Rd8) 26. Rd6 (26. Rf5 $5 {[%cal Rf5f6]} Nd4 27. Rxf6 Nxc2 28. Rf3 $11) 26... h5 ({Black should play} 26... Qg5 $15 27. g3 Nf4) 27. Qd2 {The position is equal.} h4 28. h3 Qf5 29. Rd5 Qf6 {...Nf4 is the strong threat.} 30. Rd6 Qf5 31. Rd5 Qf6 {Threatens to win with ...Nf4.} 32. Rd6 Qf5 {Accuracy: White = 73%, Black = 82%.} 1/2-1/2

[Event "Kurnosov Memorial Rapid 2020"]
[Site "Chelyabinsk"]
[Date "2020.09.05"]
[Round "5.2"]
[White "Predke, Alexandr"]
[Black "Bocharov, Dmitry"]
[Result "1/2-1/2"]
[WhiteElo "2684"]
[BlackElo "2524"]
[Annotator "TA"]
[PlyCount "116"]
[EventDate "2020.09.04"]
[EventType "swiss"]
[EventCountry "RUS"]
[SourceTitle "playchess.com"]
[Source "ChessBase"]
[SourceQuality "1"]

{[%evp 10,116,24,18,13,15,13,-1,1,-13,-13,-9,-8,-11,-12,-13,-8,-14,0,0,0,0,0,0,0,-9,0,-7,-6,-7,-6,-8,0,0,0,-26,-13,-17,-14,-22,-24,-21,-10,-14,0,-23,-20,-23,-26,-68,-65,-331,-349,-287,0,0,0,0,0,0,0,0,0,0,0,0,0,-339,0,0,0,0,0,0,0,0,0,0,0,0,0,0,0,0,0,0,0,-7,-7,-7,0,0,0,0,0,0,0,0,0,0,0,0,0,0,0,0,0,0,0]} 1. d4 Nf6 2. Nf3 e6 3. g3 b5 4. Bg2 Bb7 5. O-O Be7 6. Qd3 a6 {A46: 1 d4 Nf6 2 Nf3 e6: Torre, London and Colle Systems.} 7. Bg5 d5 8. Nbd2 Nbd7 9. c3 c5 10. a4 O-O 11. axb5 c4 12. Qc2 axb5 13. Rxa8 Qxa8 14. Ne5 {[#]} Qd8 $146 ({Predecessor:} 14... Bd6 15. f4 h6 16. Bxf6 Nxf6 17. b3 Qa7 18. bxc4 bxc4 19. Rb1 Bxe5 20. fxe5 Ng4 21. Nxc4 {½-½ (36) Aung,K-Zaw,O Yangon 2014}) 15. Nxd7 Qxd7 16. Ra1 Ra8 17. Qb1 Qd8 18. Ra2 h6 19. Bxf6 Bxf6 20. e4 Bg5 21. f4 Be7 22. Qa1 dxe4 {...Rxa2 is the strong threat.} 23. Rxa8 Bxa8 24. Nxe4 Bd5 25. Qa7 Bf8 26. h4 Qc8 {And now ...Qc6 would win.} 27. Nd2 Qc6 28. Bxd5 Qxd5 29. Kf2 Qf5 $1 {[%cal Rf5c2] Hoping for ...Qc2.} 30. Nf3 $2 {[%mdl 8192]} (30. Qa1 $1 $15) 30... Qc2+ $19 {[%mdl 64] [#] Double Attack} 31. Kg1 Qxb2 $2 ({Better is} 31... Qc1+ $19 32. Kh2 Qxb2+ 33. Kh3 Qb1) 32. Ne5 $11 Qb1+ 33. Kh2 Qc2+ 34. Kg1 $1 Qf5 {aiming for ...b4.} (34... f6 $5 35. Qf7+ $8 Kh7 $11) 35. Qb8 $1 Qb1+ 36. Kh2 Qc2+ 37. Kh3 Qe4 {Strongly threatening ...Qh1+.} 38. Qe8 $2 {[%mdl 8192] [#]} (38. Kh2 $1 $11) 38... Qh1+ $2 (38... f6 $1 $19 {[%cal Rf6e5]} 39. Qf7+ Kh7) 39. Kg4 {The position is equal.} Qd1+ (39... Qb7 $5 40. d5 $8 Qxd5 41. Qxf7+ Kh7 $11) 40. Kh3 Qh1+ 41. Kg4 Qb7 {Threatens to win with ...b4.} 42. d5 $1 Qe7 43. Qxb5 h5+ 44. Kf3 Qa3 45. Qxc4 exd5 46. Qxd5 Qxc3+ 47. Kg2 Qc2+ 48. Kh3 Qf5+ 49. Kg2 Qc2+ 50. Kf3 Qc3+ 51. Nd3 g6 52. f5 Kg7 53. fxg6 fxg6 54. Ke4 Qc2 55. Ke3 Qc3 56. Ke4 Qc2 57. Ke3 Qc3 58. Ke4 Qc2 {Accuracy: White = 88%, Black = 95%.} 1/2-1/2

[Event "Kurnosov Memorial Rapid 2020"]
[Site "Chelyabinsk"]
[Date "2020.09.05"]
[Round "5.3"]
[White "Pridorozhni, Aleksei"]
[Black "Sjugirov, Sanan"]
[Result "0-1"]
[WhiteElo "2597"]
[BlackElo "2675"]
[Annotator "TA"]
[PlyCount "100"]
[EventDate "2020.09.04"]
[EventType "swiss"]
[EventCountry "RUS"]
[SourceTitle "playchess.com"]
[Source "ChessBase"]
[SourceQuality "1"]

{[%evp 9,100,0,11,0,15,0,0,0,14,3,9,0,0,0,6,2,0,-6,13,14,113,88,105,59,104,104,132,122,122,42,28,30,39,26,45,25,39,53,46,44,46,11,15,0,0,12,13,0,0,0,0,-38,0,0,0,0,40,35,79,13,6,8,8,-31,-30,-118,-108,-108,-127,-150,-147,-137,-122,-153,-132,-157,-135,-159,-147,-218,-209,-250,-247,-491,-483,-502,-490,-578,-578,-1024,-1033,-884,-841]} 1. e4 c5 2. Nc3 Nc6 3. Bb5 Nd4 4. Bc4 a6 5. a4 g6 6. Nf3 {B23: Closed Sicilian: Lines without g3.} Bg7 7. Nxd4 cxd4 8. Qf3 {[%csl Gc4][%cal Rf3f7] The position is equal.} e6 9. Ne2 $40 {[%mdl 128] White has some attack.} Ne7 10. d3 O-O {[#]} 11. h4 $146 ({Predecessor:} 11. O-O b6 12. Bg5 Bb7 13. Qh3 Rc8 14. Bb3 f6 15. Bf4 f5 16. Bg5 Qe8 17. Nf4 {0-1 (32) Plenca,J (2413)-Jankovic,A (2563) Mali Losinj 2018}) 11... d5 12. Bb3 dxe4 13. dxe4 Nc6 14. h5 Ne5 (14... d3 $11 {keeps the balance.} 15. Qxd3 Qxd3 16. cxd3 Rd8) 15. Qg3 d3 16. Bf4 dxe2 17. Bxe5 Qa5+ 18. Bc3 Bxc3+ 19. Qxc3 ({White should try} 19. bxc3 $16 Ra7 20. Kxe2) 19... Qxc3+ $14 20. bxc3 Bd7 21. Kxe2 Rac8 22. Rad1 Rc7 23. Rd3 Rfc8 24. Kd2 Be8 25. h6 Rc5 26. f4 Bc6 27. Ke3 Kf8 28. Rh2 Ke7 29. g4 g5 30. e5 Rg8 31. Rh5 gxf4+ 32. Kxf4 Ra5 33. Rd4 Rc5 34. Rh3 ({Better is} 34. Bc4 $1 $16) 34... f6 $11 35. exf6+ Kxf6 36. Rd6 Re5 37. Re3 {[#]} (37. g5+ $11 Rgxg5 38. Rxe6+ $1 {[%mdl 512]} Rxe6 39. Bxe6) 37... Rxg4+ $1 $17 {[%mdl 576] Deflection} 38. Kxg4 {Intending Rxe5 and mate.} Rxe3 {[%mdl 4096] Endgame KRB-KRB} 39. Kf4 Re4+ 40. Kg3 a5 ({Don't do} 40... Bxa4 41. Bxa4 Rxa4 42. Rb6 $15) 41. c4 Re5 42. Kf4 Rf5+ 43. Ke3 Ke7 44. Rd1 {[#]} (44. c5 $17 {might work better.} Rf6 45. Bc4) 44... Rh5 $1 $19 45. Kd4 Rxh6 46. Kc5 $2 (46. Rd2) 46... Rg6 {Black is clearly winning.} 47. Kb6 h5 48. Rd2 Bg2 49. Kc7 h4 50. Rd7+ Kf6 {Accuracy: White = 57%, Black = 87%.} 0-1

[Event "Kurnosov Memorial Rapid 2020"]
[Site "Chelyabinsk"]
[Date "2020.09.05"]
[Round "5.4"]
[White "Demidov, Mikhail"]
[Black "Zvjaginsev, Vadim"]
[Result "1/2-1/2"]
[WhiteElo "2519"]
[BlackElo "2617"]
[Annotator "TA"]
[PlyCount "68"]
[EventDate "2020.09.04"]
[EventType "swiss"]
[EventCountry "RUS"]
[SourceTitle "playchess.com"]
[Source "ChessBase"]
[SourceQuality "1"]

{[%evp 9,68,8,19,11,22,0,10,-21,17,25,48,50,49,52,50,19,50,45,40,40,44,41,40,35,50,49,49,43,50,34,35,45,50,33,30,29,30,37,37,36,37,0,0,0,0,0,0,0,0,-70,-82,-85,-64,-49,-13,-15,-11,-12,0,-4,4]} 1. Nf3 d5 2. d4 e6 3. c4 a6 4. e3 Nf6 5. b3 c5 6. Bb2 {D30: Queen's Gambit Declined: Systems without Nc3.} cxd4 7. Nxd4 Bb4+ 8. Nd2 O-O 9. a3 {[#]} Ba5 $146 ({Predecessor:} 9... Be7 10. Be2 Nc6 11. O-O Bd7 12. Qb1 dxc4 13. Nxc4 b5 14. Nxc6 Bxc6 15. Rd1 Bd5 {0-1 (68) Hort,V (2419)-Sunilduth Lyna,N (2575) Basel 2019}) 10. b4 Bc7 11. cxd5 exd5 12. g3 Bg4 13. Qb3 Nc6 14. Bg2 Nxd4 15. Bxd4 Bb6 {[#] Strongly threatening ...Bxd4.} 16. Qb2 Bxd4 17. Qxd4 Rc8 18. O-O Qc7 19. h3 Bd7 20. Nb3 Qc3 21. Qxc3 Rxc3 22. Nc5 Bb5 {[#] And now ...b6 would win.} 23. Rfc1 Rxc1+ 24. Rxc1 Rc8 25. Rd1 b6 $36 {[%mdl 2048] White is under pressure.} 26. Nd3 Rc3 27. Nf4 Rxa3 28. Nxd5 Nxd5 29. Rxd5 $11 {[%mdl 4096] Endgame KRB-KRB} (29. Bxd5 $11 Kf8 30. Rc1) 29... Rd3 $15 30. Rf5 Bd7 31. Rf4 a5 32. bxa5 {The position is equal.} bxa5 33. Rc4 $1 a4 {White must now prevent ...a3.} 34. Bc6 {Hoping for Bxd7.} Bxh3 {Accuracy: White = 84%, Black = 85%.} 1/2-1/2